Essentials of Rubin's pathology / (Record no. 11062)

MARC details
000 -LEADER
fixed length control field 01602cam a22003978a 4500
001 - CONTROL NUMBER
control field 14987055
005 - DATE AND TIME OF LATEST TRANSACTION
control field 20080403093005.0
008 - FIXED-LENGTH DATA ELEMENTS--GENERAL INFORMATION
fixed length control field 070829s2009 pau b 001 0 eng
010 ## - LIBRARY OF CONGRESS CONTROL NUMBER
LC control number 2007036036
020 ## - INTERNATIONAL STANDARD BOOK NUMBER
International Standard Book Number 9780781773249
020 ## - INTERNATIONAL STANDARD BOOK NUMBER
International Standard Book Number 0781773245
035 ## - SYSTEM CONTROL NUMBER
System control number (DNLM)101315378
040 ## - CATALOGING SOURCE
Original cataloging agency DNLM/DLC
Transcribing agency DLC
Modifying agency DLC
042 ## - AUTHENTICATION CODE
Authentication code pcc
050 00 - LIBRARY OF CONGRESS CALL NUMBER
Classification number RB111
Item number .E856 2009
060 10 - NATIONAL LIBRARY OF MEDICINE CALL NUMBER
Classification number QZ 4
Item number E782 2009
082 00 - DEWEY DECIMAL CLASSIFICATION NUMBER
Classification number 616.07
Edition number 22
Item number ESS NR
245 00 - TITLE STATEMENT
Title Essentials of Rubin's pathology /
Statement of responsibility, etc editors, Emanuel Rubin, Howard M. Reisner ; with 44 contributors ; illustrations by Dimitri Karetnikov, George Barile, and Kathy Jaeger.
246 30 - VARYING FORM OF TITLE
Title proper/short title Rubin's pathology
250 ## - EDITION STATEMENT
Edition statement 5th ed.
260 ## - PUBLICATION, DISTRIBUTION, ETC. (IMPRINT)
Place of publication, distribution, etc Philadelphia :
Name of publisher, distributor, etc Wolters Kluwer/Lippincott Williams & Wilkins Health,
Date of publication, distribution, etc c2009.
263 ## - PROJECTED PUBLICATION DATE
Projected publication date 0802
300 ## - PHYSICAL DESCRIPTION
Extent xv, 646 p. ;
Dimensions 24 cm.
Other physical details ill. col. ;
500 ## - GENERAL NOTE
General note Rev ed. of: Rubin's pathology. 4th ed. c2005.
504 ## - BIBLIOGRAPHY, ETC. NOTE
Bibliography, etc Includes bibliographical references and index.
650 #0 - SUBJECT ADDED ENTRY--TOPICAL TERM
Topical term or geographic name as entry element Pathology.
650 12 - SUBJECT ADDED ENTRY--TOPICAL TERM
Topical term or geographic name as entry element Pathology.
700 1# - ADDED ENTRY--PERSONAL NAME
Personal name Rubin, Emanuel,
Dates associated with a name 1928-
700 1# - ADDED ENTRY--PERSONAL NAME
Personal name Reisner, Howard M.
730 0# - ADDED ENTRY--UNIFORM TITLE
Uniform title Rubin's pathology.
856 42 - ELECTRONIC LOCATION AND ACCESS
Materials specified Publisher description
Uniform Resource Identifier <a href="http://www.loc.gov/catdir/enhancements/fy0743/2007036036-d.html">http://www.loc.gov/catdir/enhancements/fy0743/2007036036-d.html</a>
856 41 - ELECTRONIC LOCATION AND ACCESS
Materials specified Table of contents only
Uniform Resource Identifier <a href="http://www.loc.gov/catdir/enhancements/fy0828/2007036036-t.html">http://www.loc.gov/catdir/enhancements/fy0828/2007036036-t.html</a>
942 ## - ADDED ENTRY ELEMENTS (KOHA)
Source of classification or shelving scheme Dewey Decimal Classification
Item type Book - Borrowing
Holdings
Withdrawn status Item status Source of classification or shelving scheme Damaged status Not for loan Vendor Home library Current library Shelving location Date acquired Source of acquisition Cost, normal purchase price Serial Enumeration / chronology Total Checkouts Total Renewals Full call number Barcode Date last seen Date last borrowed Koha item type
    Dewey Decimal Classification     Iqraa Central Library Central Library First floor 15/03/2009   375.00 1400 10 43 616.07 ESS NR 000015412 15/07/2025 13/03/2019 Book - Borrowing